000 00367nam a2200145 i 4500
001 bg
100 1 _aMARYAŃSKI, A.
245 0 _aStacje obsługi samochodów :
_bprojektowanie i modernizacja /
_cA. Maryański.
250 _aWyd.2 poraw.
260 _aWarszawa,
_c1981.
040 _cBPK
041 _apol
942 _cKS
008 s pl f |000 0 pol
999 _c1826
_d1826
856 _uhttp://koha.tu.koszalin.pl/cgi-bin/koha/opac-detail.pl?biblionumber=1826
_yKatalog online BPK